[Event "R1C2 CD Muret - Ramonville 1"]
[Site "?"]
[Date "2003.11.16"]
[Round "2.3"]
[White "NN"]
[Black "Raynaud, Pascal"]
[Result "1-0"]
[WhiteElo "1600"]
[BlackElo "1570"]
[EventDate "2003.??.??"]
[PlyCount "73"]

1.e4 d6 2.d4 Nf6 3.Nc3 c6 4.Nf3 Nbd7 5.Be2 e5 6.dxe5 dxe5 7.O-O Be7 8.b3 
O-O 9.Bb2 Qc7 10.Bd3 Re8 11.Ne2 Bf8 12.Ng3 Nc5 13.Qe2 Bg4 14.Rfd1 Rad8 15.
h3 Bh5 16.Nxh5 Nxh5 17.g3 Nxd3 18.Rxd3 Rxd3 19.cxd3 Bc5 20.Kg2 Nf6 21.Rc1 
Bd6 22.Rc2 Nd7 23.d4 exd4 24.Bxd4 c5 25.Qd3 Ne5 26.Nxe5 Bxe5 27.Rxc5 Qb8 
28.Rxe5 Rxe5 29.Bxe5 Qe8 30.Bd4 a6 31.a4 h5 32.f4 Qc6 33.f5 g6 34.fxg6 
Qxg6 35.Qf3 Qd6 36.Qf6 Qf8 37.Qh8# 1-0

[Event "R1C2 CD Muret - Ramonville 1"]
[Site "?"]
[Date "2003.11.16"]
[Round "2.2"]
[White "Xanthakis, Spyros"]
[Black "NN"]
[Result "1-0"]
[WhiteElo "1620"]
[BlackElo "1499"]
[EventDate "2003.??.??"]
[PlyCount "59"]

1.e4 e5 2.Nf3 d6 3.Bc4 Be6 4.Bxe6 fxe6 5.d3 Nf6 6.Bg5 Be7 7.Nc3 O-O 8.Qd2 
c6 9.O-O-O Nbd7 10.h3 b5 11.d4 b4 12.Nb1 a5 13.dxe5 Nxe4 14.Bxe7 Qxe7 15.
exd6 Qf6 16.Qe3 Ndc5 17.Nbd2 Na4 18.Nxe4 Qxb2+ 19.Kd2 Qxa2 20.Qb3 Qxb3 21.
cxb3 Nb2 22.Rb1 Rf4 23.Ke3 e5 24.Rxb2 Rc8 25.d7 Rd8 26.Rd1 Rf7 27.Nxe5 Re7
28.Nxc6 Rexd7 29.Nxd8 Rxd1 30.Rd2 1-0

[Event "R1C2 CD Muret - Ramonville 1"]
[Site "?"]
[Date "2003.11.16"]
[Round "2.1"]
[White "NN"]
[Black "Tromp, Hendrik-Jan"]
[Result "0-1"]
[WhiteElo "1720"]
[BlackElo "1920"]
[EventDate "2003.??.??"]
[PlyCount "67"]

1.e4 e5 2.Nf3 Nf6 3.Nc3 Bb4 4.a3 Bxc3 5.dxc3 d6 6.Bd3 Bg4 7.Be3 Nbd7 8.h3 
Bh5 9.g4 Bg6 10.Nd2 Qe7 11.Qe2 d5 12.f3 Nc5 13.Bf2 dxe4 14.fxe4 O-O-O 15.
Bxc5 Qxc5 16.O-O-O Ne8 17.Rhf1 Kb8 18.h4 f6 19.Bc4 Qe7 20.Nb3 Nd6 21.Bd3 
h5 22.Nc5 hxg4 23.Rde1 Rxh4 24.Rg1 Bf7 25.Qf2 Rdh8 26.Be2 Be6 27.Qg3 Bc8 
28.Qg2 Rh2 29.Qf1 R8h4 30.Rg2 f5 31.exf5 Nxf5 32.Rxh2 Rxh2 33.Nd3 Ng3 34.
Qg1 0-1

[Event "R1C2 CATE 1 - Tournefeuille 3"]
[Site "?"]
[Date "2003.11.16"]
[Round "2.6"]
[White "Debout, Christian"]
[Black "Bacqué, Bernard"]
[Result "1-0"]
[WhiteElo "1320"]
[BlackElo "1460"]
[EventDate "2003.??.??"]
[PlyCount "105"]

1.d4 g6 2.Nf3 Bg7 3.Nc3 Nf6 4.e4 d6 5.Bc4 Bg4 6.h3 Bxf3 7.Qxf3 O-O 8.O-O 
Nc6 9.Ne2 e5 10.d5 Nd4 11.Nxd4 exd4 12.b3 Re8 13.Re1 Nd7 14.Bb2 a6 15.a4 
c5 16.dxc6 bxc6 17.Qxf7+ Kh8 18.Qf3 Rf8 19.Qg3 Be5 20.Qd3 c5 21.c3 Qf6 22.
Re2 h5 23.Rd1 a5 24.cxd4 cxd4 25.Bxd4 Rad8 26.Bb5 Qf4 27.g3 Qf3 28.Qxf3 
Rxf3 29.Bxd7 Bxd4 30.Rxd4 Rxd7 31.Re3 Rf8 32.e5 Rdf7 33.exd6 Rd8 34.Re7 
Kg7 35.Rd5 Kf8 36.Rxf7+ Kxf7 37.Rxa5 Rxd6 38.b4 Ke6 39.b5 Kd5 40.b6+ Kc6 
41.Rb5 Kb7 42.a5 Rd1+ 43.Kg2 Ra1 44.Kf3 Ra4 45.Ke3 h4 46.g4 Ra3+ 47.Kf4 
Rxh3 48.a6+ Kb8 49.b7 Ra3 50.Rb6 h3 51.Rxg6 Rb3 52.Rg8+ Ka7 53.Ra8+ 1-0

[Event "R1C2 CATE 1 - Tournefeuille 3"]
[Site "?"]
[Date "2003.11.16"]
[Round "2.5"]
[White "Gomez, Jean-Pierre"]
[Black "Vanden-Breeden, Christian"]
[Result "1/2-1/2"]
[WhiteElo "1499"]
[BlackElo "1499"]
[EventDate "2003.??.??"]
[PlyCount "95"]

1.Nf3 d5 2.c4 Nf6 3.b3 g6 4.Bb2 dxc4 5.bxc4 c5 6.g3 Nbd7 7.Bg2 Bg7 8.O-O 
O-O 9.Qc2 Nb6 10.d3 Bf5 11.Nbd2 Nh5 12.a4 Bxb2 13.Qxb2 Qd6 14.a5 Nd7 15.
Qxb7 Rab8 16.Qd5 Qxd5 17.cxd5 Bg4 18.h3 Bxf3 19.Bxf3 Ne5 20.Bg2 Rb2 21.Nc4
Rxe2 22.d6 Re8 23.Nxe5 Rxe5 24.Bc6 Rd8 25.d7 Re6 26.Bb5 Nf6 27.a6 Nxd7 28.
Bxd7 Rxd7 29.Rfc1 Rc6 30.Ra5 Rd5 31.d4 Rxd4 32.Rcxc5 Rc4 33.Rxc4 Rxc4 34.
Kg2 Kg7 35.Kf3 h6 36.Ra2 e6 37.Ke3 f5 38.Kd3 Rc6 39.Kd4 Kf6 40.h4 h5 41.
Ra3 Ke7 42.Kd3 Kf6 43.Ra5 Rd6+ 44.Ke3 Rd5 45.Rxd5 exd5 46.Kd4 Ke6 47.Kc5 
d4 48.Kxd4 1/2-1/2

[Event "R1C2 CATE 1 - Tournefeuille 3"]
[Site "?"]
[Date "2003.11.16"]
[Round "2.4"]
[White "Debout, Vincent"]
[Black "Dufor, Jean-François"]
[Result "0-1"]
[WhiteElo "1470"]
[BlackElo "1520"]
[EventDate "2003.??.??"]
[PlyCount "134"]

1.d4 d5 2.f3 g6 3.e4 dxe4 4.fxe4 Bg7 5.Nf3 Bg4 6.Be3 c5 7.c3 Nf6 8.h3 Bxf3
9.gxf3 cxd4 10.Qxd4 Qxd4 11.Bxd4 O-O 12.Nd2 Nc6 13.Nb3 Nxd4 14.Nxd4 Bh6 
15.Ke2 e5 16.Nb5 Rfd8 17.Rd1 Rxd1 18.Kxd1 Rd8+ 19.Ke1 a6 20.Na3 Bf4 21.Be2
Bg3+ 22.Kf1 b5 23.Rg1 Bf4 24.Nb1 Be3 25.Rg2 Nh5 26.Ke1 Nf4 27.Rg5 Nd3+ 28.
Bxd3 Bxg5 29.Ke2 Bf4 30.b4 Rc8 31.Kd1 Bg5 32.Kc2 Be7 33.Kb3 Kf8 34.Na3 Rd8
35.Kc2 Bd6 36.Nb1 Rc8 37.a3 Ke7 38.Nd2 Ke6 39.c4 Kd7 40.c5 Be7 41.Bf1 Kc6 
42.Nb3 Bd8 43.Kd2 Bc7 44.Ke2 Rd8 45.Ke1 h5 46.Be2 h4 47.Kf2 g5 48.Ke3 Rf8 
49.Kd3 f5 50.Ke3 fxe4 51.fxe4 Rf4 52.Kd2 Rf2 53.Ke3 Rh2 54.Bf1 Ra2 55.Bd3 
Rxa3 56.Bc2 a5 57.bxa5 Bxa5 58.Kf3 Ra2 59.Bb1 Ra3 60.Bc2 Bb4 61.Kg4 Bxc5 
62.Nxc5 Kxc5 63.Kxg5 Rxh3 64.Kg4 Rc3 65.Bd1 h3 66.Be2 h2 67.Bf3 Rxf3 0-1

[Event "R1C2 CATE 1 - Tournefeuille 3"]
[Site "?"]
[Date "2003.11.16"]
[Round "2.2"]
[White "Mercier, Richard"]
[Black "Viaud, Thierry"]
[Result "0-1"]
[WhiteElo "1560"]
[BlackElo "1650"]
[EventDate "2003.??.??"]
[PlyCount "72"]

1.e4 c5 2.Nc3 Nc6 3.g3 Nf6 4.Bg2 e5 5.d3 d6 6.f4 Bg4 7.Nf3 Nd4 8.O-O Bxf3 
9.Bxf3 Nxf3+ 10.Qxf3 Be7 11.fxe5 dxe5 12.b3 Qd4+ 13.Be3 Qxc3 14.Qe2 O-O 
15.Rab1 Qa5 16.a4 Qa6 17.Rf5 Nxe4 18.Rbf1 f6 19.Qg4 Ng5 20.h4 Nf7 21.Rh5 
f5 22.Rhxf5 Qg6 23.Bg5 Nxg5 24.hxg5 Rxf5 25.Rxf5 Qd6 26.Kh2 Rf8 27.Rxf8+ 
Bxf8 28.Qc8 Qc6 29.Qxc6 bxc6 30.Kg2 Kf7 31.Kf3 Ke6 32.Ke4 g6 33.c3 a5 34.
c4 Be7 35.g4 Bxg5 36.Kf3 Bf4 0-1

[Event "R1B2 Muret 3 - Fleurance"]
[Site "?"]
[Date "2003.11.16"]
[Round "2.6"]
[White "Patetif, Daphné"]
[Black "Barraud, Claudine"]
[Result "1-0"]
[WhiteElo "1470"]
[BlackElo "1330"]
[EventDate "2003.??.??"]
[PlyCount "117"]

1.e4 e5 2.Nf3 Nc6 3.Nc3 Nf6 4.d4 exd4 5.Nxd4 Nxd4 6.Qxd4 d6 7.Bc4 Be6 8.
O-O Be7 9.Bg5 O-O 10.f4 Re8 11.e5 c5 12.Qd3 dxe5 13.Qxd8 Bxd8 14.Bxe6 Rxe6
15.fxe5 Rxe5 16.Bf4 Rh5 17.Rfe1 Bb6 18.Rad1 Rf5 19.Bg3 c4+ 20.Kh1 Bf2 21.
Rf1 Ng4 22.Ne4 Ne3 23.Bxf2 Nxf1 24.Rxf1 Rd8 25.Kg1 h6 26.Bxa7 Ra5 27.Bb6 
Rad5 28.Bxd8 Rxd8 29.Kf2 f5 30.Nc5 Rd2+ 31.Kg1 Rxc2 32.Nxb7 Rxb2 33.Nd6 c3
34.Rc1 c2 35.Kf2 Rxa2 36.Nxf5 Kf7 37.Nd4 g5 38.Rxc2 Rxc2+ 39.Nxc2 Kg6 40.
Kf3 Kf5 41.Ne3+ Kg6 42.Ke4 h5 43.h3 h4 44.Ng4 Kh5 45.Ne5 Kh6 46.Kf5 Kh5 
47.Nf3 Kh6 48.Nxg5 Kh5 49.Nf3 Kh6 50.Nxh4 Kh5 51.g3 Kh6 52.g4 Kg7 53.g5 
Kf7 54.g6+ Kg7 55.Kg5 Kg8 56.Kf6 Kf8 57.g7+ Kg8 58.Nf3 Kh7 59.Kf7 1-0

[Event "R1B2 Muret 3 - Fleurance"]
[Site "?"]
[Date "2003.11.16"]
[Round "2.5"]
[White "Jammot, Thimothée"]
[Black "Tauziède, Jean-Pierre"]
[Result "0-1"]
[WhiteElo "1400"]
[BlackElo "1590"]
[EventDate "2003.??.??"]
[PlyCount "50"]

1.d4 Nf6 2.c4 g6 3.Nc3 Bg7 4.Nf3 O-O 5.e4 d6 6.Be2 e5 7.dxe5 dxe5 8.Qxd8 
Rxd8 9.Nxe5 Nxe4 10.Nxe4 Bxe5 11.O-O Nc6 12.Rb1 Re8 13.h3 Bf5 14.f3 Nd4 
15.Bd3 Bxe4 16.Bxe4 Ne2+ 17.Kf2 Nxc1 18.Rfxc1 c6 19.g4 Rad8 20.Rc2 Rd4 21.
b3 Bf4 22.Re1 Red8 23.Ree2 Rd1 24.Rb2 Rh1 25.Re1 Rh2+ 0-1

[Event "R1B2 Muret 3 - Fleurance"]
[Site "?"]
[Date "2003.11.16"]
[Round "2.4"]
[White "Schwarz, Klaus"]
[Black "Couerbe, Michael"]
[Result "1-0"]
[WhiteElo "1600"]
[BlackElo "1499"]
[EventDate "2003.??.??"]
[PlyCount "59"]

1.b4 b5 2.Bb2 Bb7 3.Nf3 Nc6 4.a3 Nf6 5.e3 a6 6.c4 Na7 7.Nc3 c6 8.c5 g6 9.
Qc2 Bg7 10.Be2 O-O 11.O-O d6 12.d4 Re8 13.Rfd1 Qc7 14.Rd2 d5 15.e4 e6 16.
e5 Nd7 17.Nd1 f6 18.exf6 Nxf6 19.Ne5 Ne4 20.Rd3 Rad8 21.f3 Nf6 22.Nf2 Nd7 
23.Nfg4 h5 24.Nxd7 hxg4 25.Ne5 Bc8 26.f4 a5 27.Bxg4 axb4 28.axb4 Bd7 29.
Rf3 Bxe5 30.fxe5 1-0

[Event "R1B2 Muret 3 - Fleurance"]
[Site "?"]
[Date "2003.11.16"]
[Round "2.3"]
[White "Jammot, Jean-Louis"]
[Black "Verges, Jean"]
[Result "0-1"]
[WhiteElo "1499"]
[BlackElo "1620"]
[EventDate "2003.??.??"]
[PlyCount "142"]

1.c4 c5 2.Nf3 Nf6 3.d4 cxd4 4.Nxd4 Nc6 5.Nc3 e6 6.e4 Bb4 7.Bg5 Bxc3+ 8.
bxc3 Qa5 9.Bd2 Nxe4 10.Qc2 Nxd2 11.Qxd2 O-O 12.Be2 a6 13.O-O Qc7 14.Rad1 
b6 15.Bf3 Bb7 16.Nb3 Rad8 17.Qd6 Qxd6 18.Rxd6 Ba8 19.Rfd1 Ne5 20.Bxa8 Rxa8
21.c5 bxc5 22.Nxc5 Rac8 23.Nxd7 Nxd7 24.Rxd7 Rxc3 25.h3 g6 26.Ra7 Ra3 27.
Rd6 Rc8 28.Rdd7 Rf8 29.Rd6 a5 30.Rc6 Rxa2 31.Rca6 Rb8 32.Rxa5 Rb1+ 33.Kh2 
Rxf2 34.Ra2 Rxa2 35.Rxa2 Rb3 36.Rd2 h5 37.Rf2 Kg7 38.Rf1 Re3 39.Rf2 e5 40.
Rd2 Kf6 41.Rf2+ Ke6 42.Rf1 e4 43.Kg1 Re2 44.Ra1 Kf5 45.Rf1+ Ke6 46.Ra1 Kf5
47.Rf1+ Ke6 48.Ra1 Rd2 49.Re1 Ke5 50.Kf1 Kf4 51.Kg1 f5 52.Kh2 e3 53.Rf1+ 
Rf2 54.Re1 h4 55.Kg1 Rb2 56.Kf1 Ke4 57.Kg1 Kd3 58.Kf1 f4 59.Kg1 Rc2 60.Kf1
Rd2 61.Kg1 g5 62.Kf1 Rb2 63.Rd1+ Kc2 64.Re1 Rb1 65.Rxb1 Kxb1 66.Ke2 Kc2 
67.Ke1 Kd3 68.Kd1 e2+ 69.Ke1 Ke3 70.g3 hxg3 71.h4 g2 0-1

[Event "R1B2 Muret 3 - Fleurance"]
[Site "?"]
[Date "2003.11.16"]
[Round "2.2"]
[White "Patetif, Dyanna"]
[Black "Heude, Jean-Noël"]
[Result "1/2-1/2"]
[WhiteElo "1710"]
[BlackElo "1549"]
[EventDate "2003.??.??"]
[PlyCount "120"]

1.d4 d5 2.Bg5 Nf6 3.Nd2 g6 4.e3 Bg7 5.Bd3 Nbd7 6.f4 c5 7.c3 Rb8 8.Ngf3 b5 
9.O-O b4 10.Ne5 bxc3 11.bxc3 Rb2 12.Bxf6 Bxf6 13.Rb1 Qb6 14.Nxd7 Bxd7 15.
dxc5 Qb8 16.Qc1 Rxb1 17.Qxb1 O-O 18.Qb4 Rc8 19.Rb1 Qc7 20.Ba6 Re8 21.Qb7 
Qc6 22.Qxa7 Bxc3 23.Nf3 Kg7 24.Qb6 e6 25.Qxc6 Bxc6 26.Rb6 Ba4 27.c6 Ba5 
28.Rb7 Bxc6 29.Bb5 Bxb5 30.Rxb5 Ra8 31.a3 Bc7 32.Rb7 Bd6 33.Nd4 Kf8 34.Nb5
Bxa3 35.Nxa3 Rxa3 36.Kf2 Kg7 37.Rb4 Kf6 38.g4 Ra2+ 39.Kg3 Re2 40.Rb3 h6 
41.h3 g5 42.Kf3 Rd2 43.Rb4 e5 44.Rb6+ Kg7 45.fxe5 Rh2 46.Kg3 Re2 47.Rb3 
Kf8 48.Rd3 Ke7 49.Kf3 Rh2 50.Rxd5 Rxh3+ 51.Ke4 h5 52.gxh5 Rxh5 53.Kf5 Rh3 
54.Kxg5 Rxe3 55.Kf5 Rf3+ 56.Ke4 Rf2 57.Rb5 f6 58.Rb7+ Ke6 59.Rb6+ Ke7 60.
exf6+ Rxf6 1/2-1/2

[Event "R1B2 CEIT 1 - Albi 2"]
[Site "?"]
[Date "2003.11.16"]
[Round "2.6"]
[White "Eb-Levadoux, Yvan"]
[Black "Druilhe, Loïc"]
[Result "0-1"]
[WhiteElo "1320"]
[BlackElo "1330"]
[EventDate "2003.??.??"]
[PlyCount "58"]

1.e4 e5 2.Nf3 Nc6 3.d4 exd4 4.Bc4 Bb4+ 5.Bd2 Bxd2+ 6.Qxd2 d6 7.O-O Nf6 8.
Nxd4 Ne5 9.Bd3 Bd7 10.f4 Nxd3 11.Qxd3 Qe7 12.Nc3 O-O 13.Rae1 Rae8 14.h3 
Kh8 15.g4 Ng8 16.Nd5 Qd8 17.f5 c6 18.Nf4 g6 19.Qc3 Qf6 20.fxg6 hxg6 21.Nh5
Qe5 22.Nf4 Kh7 {(=)} 23.Rf3 Nf6 24.Nd3 Qe7 25.e5 dxe5 26.Rxe5 Qd6 27.Rxe8 
Rxe8 28.Qc4 Be6 29.Rxf6 Qg3+ 0-1

[Event "R1B2 CEIT 1 - Albi 2"]
[Site "?"]
[Date "2003.11.16"]
[Round "2.5"]
[White "Pueyo, Jean-Luc"]
[Black "Grondin, Luciano"]
[Result "1/2-1/2"]
[WhiteElo "1340"]
[BlackElo "1370"]
[EventDate "2003.??.??"]
[PlyCount "95"]

1.d4 d5 2.c4 c6 3.Nc3 Nf6 4.Nf3 Nbd7 5.Bf4 e6 6.e3 Bb4 7.Bd3 dxc4 8.Bxc4 
Nd5 9.Bxd5 exd5 10.O-O O-O 11.Qc2 Nf6 12.a3 Bd6 13.Bxd6 Qxd6 14.b4 Bg4 15.
Ne5 a6 16.h3 Be6 17.Na4 Qc7 18.Qc5 Nd7 19.Nxd7 Bxd7 20.Nb6 Rad8 21.Nxd5 
Qb8 22.Nb6 Be6 23.Rfd1 Qd6 24.Qxd6 Rxd6 25.Na4 Bb3 26.Nc5 Bxd1 27.Rxd1 Rb8
28.e4 f6 29.Kf1 Kf7 30.Ke2 b6 31.Na4 Re6 32.f3 f5 33.e5 Rg6 34.Kf2 Ke6 35.
f4 Kd5 36.Nb2 a5 37.Kf3 axb4 38.axb4 Ra8 39.Rd3 Ra2 40.Rd2 Ra3+ 41.Rd3 
Rxd3+ 42.Nxd3 Kxd4 43.Nb2 Kc3 44.Na4+ Kxb4 45.Nxb6 c5 46.Nd5+ Kb3 47.Ne7 
Ra6 48.Nxf5 1/2-1/2

[Event "R1B2 CEIT 1 - Albi 2"]
[Site "?"]
[Date "2003.11.16"]
[Round "2.4"]
[White "Esteve, Christophe"]
[Black "Lafforgue, Patrice"]
[Result "1/2-1/2"]
[WhiteElo "1499"]
[BlackElo "1499"]
[EventDate "2003.??.??"]
[PlyCount "73"]

1.c4 e5 2.Nc3 Nf6 3.Nf3 Nc6 4.d4 exd4 5.Nxd4 Nxd4 6.Qxd4 Be7 7.e4 d6 8.Be2
O-O 9.O-O Nd7 10.Nd5 Bf6 11.Nxf6+ Qxf6 12.Be3 Re8 13.f3 Qxd4 14.Bxd4 Ne5 
15.Rad1 f5 16.Bc3 fxe4 17.fxe4 Bg4 18.Bxg4 Nxg4 19.Rfe1 Re6 20.h3 Nf6 21.
e5 dxe5 22.Rxe5 Rae8 23.Rxe6 Rxe6 24.Bxf6 gxf6 25.Kf2 Kf7 26.Rd7+ Re7 27.
Rxe7+ Kxe7 28.Kf3 c5 29.Ke4 Ke6 30.g4 a6 31.a4 b6 32.h4 h6 33.b3 a5 34.h5 
Ke7 35.Kf4 Ke6 36.Ke4 Ke7 37.Kf5 1/2-1/2

[Event "R1B2 CEIT 1 - Albi 2"]
[Site "?"]
[Date "2003.11.16"]
[Round "2.3"]
[White "Mendi, Eduardo"]
[Black "Homere, Cédric"]
[Result "1-0"]
[WhiteElo "1499"]
[BlackElo "1499"]
[EventDate "2003.??.??"]
[PlyCount "107"]

1.d4 b6 2.e4 Bb7 3.Nc3 e6 4.Bd3 h6 5.Nf3 Ne7 6.Bf4 d5 7.e5 Nbc6 8.O-O a6 
9.a3 Qd7 10.Qe2 Ng6 11.Bd2 Be7 12.Na2 Nh4 13.Nxh4 Bxh4 14.Qg4 Bg5 15.f4 f5
16.Qh5+ Qf7 17.Qxf7+ Kxf7 18.fxg5 Nxd4 19.g4 g6 20.gxh6 Ke7 21.g5 c5 22.
Rf2 Rab8 23.Rc1 Nc6 24.Re1 b5 25.b4 c4 26.Bf1 Kf7 27.h4 Ra8 28.Nc3 d4 29.
Nd1 a5 30.bxa5 Nxa5 31.Bb4 Bc6 32.Rh2 Bd5 33.Nf2 Nc6 34.Bd6 Bf3 35.Nh3 d3 
36.cxd3 c3 37.Rc1 Nd4 38.Rxc3 Bg4 39.Rc7+ Ke8 40.Nf4 Nf3+ 41.Kg2 Nd4 42.
Nxg6 Kd8 43.Nxh8 b4 44.Nf7+ Ke8 45.Re7+ Kf8 46.Ra7+ Kg8 47.Rxa8+ Kxf7 48.
h7 Bf3+ 49.Kf2 Bxa8 50.h8=Q Kg6 51.Qh6+ Kf7 52.Qf6+ Kg8 53.g6 f4 54.Qf8# 
1-0

[Event "R1B2 CEIT 1 - Albi 2"]
[Site "?"]
[Date "2003.11.16"]
[Round "2.2"]
[White "Lopez, Jacky"]
[Black "Garcia del Prado, Gilles"]
[Result "0-1"]
[WhiteElo "1540"]
[BlackElo "1570"]
[EventDate "2003.??.??"]
[PlyCount "52"]

1.d4 Nf6 2.c4 e6 3.Nc3 Bb4 4.Bg5 c5 5.e3 Nc6 6.Nf3 O-O 7.Be2 Qa5 8.O-O 
Bxc3 9.bxc3 Ne4 10.Qc2 Nxc3 11.a3 Nxe2+ 12.Qxe2 f6 13.Bh4 d5 14.Bg3 b6 15.
Rfb1 Ba6 16.Nd2 cxd4 17.Nb3 Qa4 18.Nxd4 Bxc4 19.Qg4 Nxd4 20.exd4 Qd7 21.
Re1 Rfe8 22.f4 Bd3 23.Qf3 Be4 24.Qe3 Rac8 25.Re2 Rc4 26.Be1 Rec8 0-1

[Event "R1B2 CEIT 1 - Albi 2"]
[Site "?"]
[Date "2003.11.16"]
[Round "2.1"]
[White "Lafforgue, Jean-Michel"]
[Black "Aurejac, Pierre"]
[Result "1-0"]
[WhiteElo "1740"]
[BlackElo "1540"]
[EventDate "2003.??.??"]
[PlyCount "57"]

1.d4 Nf6 2.c3 d5 3.Qc2 e6 4.Nf3 h6 5.e3 c5 6.dxc5 Bxc5 7.Bd3 Nc6 8.b4 Bd6 
9.Bb2 a6 10.Nbd2 b5 11.a4 bxa4 12.Qxa4 Bd7 13.Qc2 Bc8 14.b5 Nb8 15.c4 dxc4
16.Nxc4 Bb4+ 17.Ke2 O-O 18.Rhd1 Qe7 19.Nb6 Bb7 20.Nxa8 Bxa8 21.bxa6 Nc6 
22.Rac1 Bd6 23.Qa4 Rb8 24.Bxf6 Qxf6 25.Rxc6 Rb2+ 26.Kf1 Bxc6 27.Qxc6 Bf8 
28.Qe4 g6 29.a7 1-0

[Event "R1A2  Albi 1 - Blaye-les-Mines"]
[Site "Albi"]
[Date "2003.11.16"]
[Round "2.6"]
[White "Santoul, Pascal"]
[Black "Marcinkiewicz, Bernard"]
[Result "1-0"]
[WhiteElo "1370"]
[BlackElo "1390"]
[EventDate "2003.??.??"]
[PlyCount "121"]

1.e4 e5 2.d4 exd4 3.c3 dxc3 4.Nxc3 Nc6 5.Nf3 d6 6.Bc4 Be7 7.Qd5 Be6 8.Qb5 
Bxc4 9.Qxc4 Ne5 10.Nxe5 dxe5 11.Qb5+ c6 12.Qxe5 Nf6 13.Be3 O-O 14.Rd1 Qc8 
15.Qxe7 Re8 16.Qb4 Qg4 17.O-O Qc8 18.Qd6 Nxe4 19.Qf4 Nf6 20.Bd4 Qg4 21.
Qxg4 Nxg4 22.Rde1 Red8 23.Be3 b5 24.h3 Ne5 25.Rd1 Re8 26.Rfe1 Nc4 27.b3 
Nxe3 28.Rxe3 Rxe3 29.fxe3 a5 30.Kf2 b4 31.Na4 f6 32.Rd6 Rc8 33.Nb6 Rc7 34.
Nc4 Kf7 35.Kf3 Ke7 36.Rd4 g5 37.Re4+ Kf7 38.Nxa5 c5 39.Rc4 Ke6 40.e4 Ke5 
41.Ke3 Kd6 42.Kf3 Ra7 43.Kg4 Rxa5 44.Kh5 Rxa2 45.Rc1 Rxg2 46.Rd1+ Kc6 47.
Rd3 Rc2 48.Rf3 Rc3 49.Rxf6+ Kb5 50.e5 Rxh3+ 51.Kg4 Rxb3 52.e6 Re3 53.Kf5 
b3 54.Rf7 b2 55.Rb7+ Kc6 56.Rxb2 Kd6 57.Rd2+ Ke7 58.Rd7+ Ke8 59.Rxh7 c4 
60.Kf6 g4 61.Rh8# 1-0

[Event "R1A2  Albi 1 - Blaye-les-Mines"]
[Site "Albi"]
[Date "2003.11.16"]
[Round "2.4"]
[White "Gayraud, Christian"]
[Black "Serres, Olivier"]
[Result "0-1"]
[WhiteElo "1580"]
[BlackElo "1630"]
[EventDate "2003.??.??"]
[PlyCount "73"]

1.e4 d6 2.d4 Nf6 3.Nc3 g6 4.f4 c6 5.Nf3 b5 6.b4 a5 7.Ba3 Na6 8.Rb1 axb4 9.
Bxb4 Nxb4 10.Rxb4 Qa5 11.Qb1 Ng4 12.Nd1 c5 13.Bxb5+ Bd7 14.Bxd7+ Kxd7 15.
dxc5 dxc5 16.c3 cxb4 17.Qd3+ Ke6 18.Ng5+ Kf6 19.e5+ Kg7 20.O-O Qc5+ 21.Kh1
bxc3 22.Ne4 Qc8 23.Ndxc3 Ra3 24.h3 Nh6 25.Rf3 Rg8 26.Qd4 Kh8 27.g4 Bg7 28.
Ng5 Rd8 29.Qb4 Qa8 30.Kg2 Rc8 31.Nce4 Bf8 32.Qd4 Qa6 33.Kg3 Bg7 34.Nc5 Qb6
35.Nge4 Rxa2 36.Qd5 Ra5 37.Rc3 0-1

[Event "R1A2  Albi 1 - Blaye-les-Mines"]
[Site "Albi"]
[Date "2003.11.16"]
[Round "2.2"]
[White "Courceulles, Alex"]
[Black "Fabre, Philippe"]
[Result "1-0"]
[WhiteElo "1560"]
[BlackElo "1750"]
[EventDate "2003.??.??"]
[PlyCount "76"]

1.e4 c5 2.Nf3 Nc6 3.Bb5 e6 4.Bxc6 bxc6 5.b3 d5 6.Qe2 Nf6 7.d3 Be7 8.Nbd2 
O-O 9.Bb2 a5 10.a4 Ba6 11.O-O Qc7 12.Rfe1 Rab8 13.Rab1 Nd7 14.exd5 cxd5 
15.Ne5 Nxe5 16.Qxe5 Qxe5 17.Bxe5 Rb7 18.Bc3 Bd8 19.Bb2 Re8 20.f4 f6 21.g3 
Bb6 22.Kg2 Rd7 23.Rbc1 Bb7 24.Kf1 Kf7 25.Red1 Ba6 26.c4 Red8 27.Rc2 dxc4 
28.dxc4 Bb7 29.Ke2 Bc7 30.Rcc1 Bb6 31.Ke1 Rd3 32.Nf1 Rxb3 33.Rxd8 Bxd8 34.
Rc2 Ba6 35.Nd2 Rd3 36.Rc3 Rd7 37.Ba3 Be7 38.Ne4 Rc7 1-0

[Event "Régionale 2:Cate / Colomiers 2"]
[Site "Cate"]
[Date "2003.11.16"]
[Round "1.4"]
[White "Lepeuple, Emilien"]
[Black "Canale, Alexandre"]
[Result "1-0"]
[WhiteElo "1199"]
[BlackElo "1009"]
[EventDate "2003.??.??"]
[PlyCount "79"]

1.e4 e5 2.Nf3 Nc6 3.Bb5 a6 4.Bxc6 bxc6 5.Nxe5 f6 6.Nf3 Bb4 7.O-O Ne7 8.Nc3
Bxc3 9.dxc3 O-O 10.Be3 Rb8 11.b3 Bb7 12.Qd3 Re8 13.Rad1 Ng6 14.Qxd7 Qxd7 
15.Rxd7 Bc8 16.Rxc7 Ne7 17.Bc5 Ng6 18.Bd6 Rd8 19.Rxc6 Rb5 20.c4 Rb7 21.
Rxa6 Be6 22.Nd4 Bg4 23.f3 Bd7 24.Nf5 Nf4 25.Bxf4 Be8 26.Nd6 Rbb8 27.Nxe8 
Rxe8 28.Bxb8 Rxb8 29.Rd1 Kf7 30.Ra7+ Kg8 31.Rdd7 h6 32.Rxg7+ Kf8 33.Rab7 
Rd8 34.Rbd7 Rb8 35.a4 h5 36.a5 Ra8 37.Ra7 Rd8 38.Rad7 Rb8 39.a6 h4 40.Rb7 
1-0

[Event "Régionale 2:Cate / Colomiers 2"]
[Site "Cate"]
[Date "2003.11.16"]
[Round "1.3"]
[White "Portois, Valentin"]
[Black "Maury, Hugo"]
[Result "0-1"]
[WhiteElo "1199"]
[BlackElo "1199"]
[EventDate "2003.??.??"]
[PlyCount "76"]

1.e4 e5 2.Nf3 Nc6 3.Bb5 Nf6 4.Nc3 Bb4 5.O-O d6 6.a3 Bxc3 7.bxc3 Nxe4 8.d3 
Ng5 9.Nxg5 h6 10.Qh5 O-O 11.Qh4 hxg5 12.Bxg5 Qe8 13.d4 exd4 14.Bd3 g6 15.
Bh6 dxc3 16.Rae1 Be6 17.Re3 Ne5 18.g3 Qd8 19.Bxf8 Qxf8 20.f3 Qd8 21.Qh6 
Bf5 22.g4 Bxd3 23.cxd3 a5 24.f4 Nxg4 25.Qh3 Nxe3 26.Rf3 Nd1 27.Qh6 Qf8 28.
Qg5 c2 29.f5 Qd8 30.f6 Ra6 31.d4 Rc6 32.Qc1 b5 33.h4 b4 34.Rg3 Qxf6 35.h5 
Qf2+ 36.Kh1 Rc3 37.Rg2 Rh3+ 38.Rh2 Qxh2# 0-1

[Event "Régionale 2:Cate / Colomiers 2"]
[Site "Cate"]
[Date "2003.11.16"]
[Round "1.2"]
[White "Campoy, Steve"]
[Black "Delay, Guillaume"]
[Result "0-1"]
[WhiteElo "1199"]
[BlackElo "1199"]
[EventDate "2003.??.??"]
[PlyCount "100"]

1.e4 c5 2.Nf3 Nc6 3.Bd3 d6 4.Bb5 Bd7 5.Qe2 Nf6 6.e5 dxe5 7.Bxc6 Bxc6 8.
Nxe5 Bxg2 9.Qb5+ Nd7 10.Rg1 Bh3 11.Nxd7 Qxd7 12.Qxc5 e6 13.Qh5 Bf5 14.d3 
Rc8 15.Na3 g6 16.Qg5 Bxa3 17.bxa3 Rxc2 18.Qg3 O-O 19.Bh6 Rd8 20.Qe5 Qd4 
21.Qxd4 Rxd4 22.Rc1 Rxc1+ 23.Bxc1 Rxd3 24.Bh6 Rxa3 25.Bd2 Rxa2 26.Ke2 Rc2 
27.Rb1 Rxd2+ 28.Kxd2 Bxb1 29.Kc1 Be4 30.Kd2 f5 31.Ke3 e5 32.f3 Bd5 33.f4 
exf4+ 34.Kxf4 Kf7 35.h3 a5 36.h4 a4 37.h5 a3 38.Kg5 Kg7 39.h6+ Kf7 40.Kf4 
Ke6 41.Kg5 a2 42.Kh4 Kf6 43.Kg3 Kg5 44.Kh3 f4 45.Kh2 Kg4 46.Kg1 a1=Q+ 47.
Kf2 Qb2+ 48.Ke1 Kf3 49.Kd1 Bb3+ 50.Ke1 Qe2# 0-1

[Event "Régionale 2:Cate / Colomiers 2"]
[Site "Cate"]
[Date "2003.11.16"]
[Round "1.1"]
[White "Portois, Jacques Olivier"]
[Black "Avdagic, Faris"]
[Result "0-1"]
[WhiteElo "1499"]
[BlackElo "1199"]
[EventDate "2003.??.??"]
[PlyCount "98"]

1.e4 e5 2.Nf3 Nc6 3.Nc3 Bc5 4.d3 h6 5.Nd5 Nf6 6.Be3 Bxe3 7.Nxe3 d5 8.c3 b6
9.Qa4 Bd7 10.Nxe5 Nxe5 11.Qa3 Qe7 12.Qa6 O-O 13.Nf5 Bxf5 14.exf5 Nxd3+ 15.
Kd2 Qe1+ 16.Rxe1 Nxe1 17.Kxe1 Rfe8+ 18.Kd2 Ne4+ 19.Ke3 Nc5+ 20.Kf4 Nxa6 
21.Bxa6 Re4+ 22.Kf3 Rb8 23.f6 gxf6 24.Rd1 Ra4 25.Bd3 Rxa2 26.Rb1 Ra4 27.b3
Rh4 28.Kg3 Rh5 29.f4 d4 30.Be4 dxc3 31.f5 Rg5+ 32.Kf2 a5 33.h4 Rg7 34.Rc1 
Re8 35.Bc6 Re5 36.Rxc3 Rxf5+ 37.Ke3 Rg3+ 38.Kd4 Rxc3 39.Kxc3 Rc5+ 40.Kd4 
Rxc6 41.b4 axb4 42.h5 b3 43.g4 b2 44.Kd5 Rc1 45.g5 fxg5 46.Ke5 b1=Q 47.Kf6
Rc6+ 48.Ke7 Qe4+ 49.Kd7 Qe6+ 0-1

[Event "Régionale 2:Castelsarrasin-Moissac 3 / "]
[Site "Castelsarrasin"]
[Date "2003.11.16"]
[Round "1.3"]
[White "Castro, Jean-Pierre"]
[Black "Martin, Pierre-Yves"]
[Result "1-0"]
[WhiteElo "1380"]
[BlackElo "1330"]
[EventDate "2003.??.??"]
[PlyCount "69"]

1.d4 d5 2.c4 c6 3.Nf3 Nd7 4.Nc3 e6 5.a3 Be7 6.Bf4 Ngf6 7.e3 O-O 8.Bd3 Re8 
9.O-O Nh5 10.Ne5 Ndf6 11.Be2 Nxf4 12.exf4 Qb6 13.b4 Nd7 14.c5 Qc7 15.Bh5 
Nxe5 16.fxe5 b6 17.Re1 bxc5 18.bxc5 Qa5 19.Ne2 Bg5 20.f4 Bh4 21.g3 Bd8 22.
Kh1 Rb8 23.Ng1 Qb5 24.Nf3 Ba5 25.Rg1 Ba6 26.Ng5 g6 27.Bg4 Qb2 28.Qa4 Rb5 
29.Nh3 h5 30.Bxh5 gxh5 31.Qd1 Qd2 32.Qxh5 Rb2 33.Ng5 Kg7 34.Qh7+ Kf8 35.
Qxf7# 1-0

[Event "Régionale 2:Castelsarrasin-Moissac 3 / "]
[Site "Castelsarrasin"]
[Date "2003.11.16"]
[Round "1.2"]
[White "Martin, Stéphane"]
[Black "Brach, Manuel"]
[Result "1/2-1/2"]
[WhiteElo "1499"]
[BlackElo "1599"]
[EventDate "2003.??.??"]
[PlyCount "49"]

1.e4 e5 2.Nf3 Nc6 3.Bb5 Bc5 4.Nc3 d6 5.Bxc6+ bxc6 6.d4 exd4 7.Nxd4 Qf6 8.
Be3 Ne7 9.Qd3 O-O 10.Nf3 Bb6 11.O-O h6 12.Bd4 Bxd4 13.Qxd4 Qg6 14.Ne2 c5 
15.Qe3 Qf6 16.Nc3 Re8 17.Rfd1 Bb7 18.e5 dxe5 19.Qxe5 Qg6 20.Qf4 Nf5 21.g3 
Bxf3 22.Qxf3 Nd4 23.Qd3 Qh5 24.Kg2 Rad8 25.Re1 1/2-1/2